000
00247nam a2200097Ia 4500
001
806970
005
20250826171222.0
008
250824s9999 xx 000 0 und d
245
0
_a
BİR KIZIMIZ OLACAKTI
_c
MUSTAFA DEMİRER
260
_b
PANAMA YAYINLARI
999
_c
806970
_d
806970